00525nam a2200193 a 4500001001300000003000900013005001700022008004100039020001000080082001700090100002300107245005900130260004400189300000900233500003500242505001000277650002100287700002300308nice12345678IN_TiNIC20260116014922.0071001s1997 newa grp 000 0 eng  ac10000a915.404bPYE aPye-Smith, Charlie aRebels and OutcastsbA Journey Through Christian India aNew Delhi, India bPenguin Books c1997 a304p aincludes index and biblioraphy2 aIndex aTravelogue-India1 aPye-Smith, Charlie